| 000 | 00547cam a22001577a 4500 | ||
|---|---|---|---|
| 008 | 180718b1995 xxu||||| |||| 00| 0 eng d | ||
| 082 | _aAPPPA 94-95 CHO | ||
| 100 | _aChopra, Sudhir | ||
| 245 |
_aInvolvement of corporate sector in social welfare programmes study of section 35AC of income tax act _cby Sudhir chopra |
||
| 260 |
_aNew Delhi _bIndian Institute of Public Administration _c1995 |
||
| 300 | _a102p. | ||
| 650 | _aAPPPA | ||
| 650 | _aIncome Tax - Law Legilslation | ||
| 650 | _aSocial Welfare Income Tax Act | ||
| 650 | _aCorporations | ||
| 999 |
_c481081 _d481081 |
||